Score 0/46 Timer 04:00
4 Plays Today
Person P, VP, B, or N % Correct
Barack Obama???
89.8%
Bill Clinton???
88.7%
Jimmy Carter???
84.8%
Franklin D. Roosevelt???
84.4%
Ulysses S. Grant???
81.7%
Dick Cheney???
81%
Woodrow Wilson???
80.4%
Al Gore???
80.2%
Warren G. Harding???
76.7%
Lyndon B. Johnson???
76.3%
John Hancock???
76%
Spiro T. Agnew???
75.2%
William H. Harrison???
75.2%
Andrew Jackson???
75%
Herbert Hoover???
74.9%
James Buchanan???
74.1%
Franklin Pierce???
72.5%
Gerald Ford???
72%
Zachary Taylor???
71.4%
Benjamin Harrison???
71%
John Adams???
70.4%
George H. W. Bush???
69.5%
Harry S. Truman???
66.5%
Person P, VP, B, or N % Correct
Richard Nixon???
65.8%
Daniel Webster???
64.2%
Andrew Johnson???
64%
Alexander Hamilton???
63.1%
Thomas Jefferson???
62.1%
Stephen A. Douglas???
61.3%
John C. Calhoun???
59.4%
Aaron Burr???
59.1%
John C. Breckinridge???
58.4%
James Madison???
58.1%
Theodore Roosevelt???
57.9%
Henry A. Wallace???
56.8%
Hannibal Hamlin???
56.2%
Henry Clay???
50.5%
John Tyler???
49.9%
Chester A. Arthur???
47.5%
George Clinton???
47.3%
Calvin Coolidge???
46.4%
Adlai Stevenson II???
46.3%
Martin Van Buren???
44.3%
Henry Wilson???
43.9%
Richard M. Johnson???
41.4%
Millard Fillmore???
40%

You're not logged in!

Compare scores with friends on all Sporcle quizzes.
OR
Log In

Sporcle TV

Today on Sporcle TV


Watch our educational content, quiz creation guides, and fun videos on Sporcle TV.

Show Comments

Extras

Top Quizzes Today


Score Distribution

Paid Content

Your Account Isn't Verified!

In order to create a playlist on Sporcle, you need to verify the email address you used during registration. Go to your Sporcle Settings to finish the process.

Report this User

Report this user for behavior that violates our Community Guidelines.

Details: